[Event "Bellevue PNWCC IM 04"]
[Site "Bellevue"]
[Date "2025.04.04"]
[Round "6"]
[White "Vijayakumar, Advaith"]
[Black "Cruz, Cristhian"]
[Result "0-1"]
[WhiteElo "2192"]
[BlackElo "2478"]
[PlyCount "138"]
[EventDate "2025.04.01"]
[EventType "tourn"]
[EventRounds "9"]
[EventCountry "USA"]
[EventCategory "2"]
[SourceTitle "CB15_2025"]
[SourceDate "2025.04.09"]
[SourceVersion "1"]
[SourceVersionDate "2025.04.09"]
[SourceQuality "1"]

1. Nf3 d5 2. d4 Nf6 3. g3 Bf5 4. c4 c6 5. Nc3 e6 6. Nh4 Bg6 7. Qb3 Qb6 8. Nxg6 hxg6 9. c5 Qc7 10. Bf4 Qc8 11. Bg2 Nbd7 12. 0-0 Be7 13. Qc2 0-0 14. b4 Re8 15. b5 b6 16. e4 bxc5 17. bxc6 Qxc6 18. exd5 exd5 19. Qb3 Nb6 20. dxc5 Bxc5 21. Rad1 Rac8 22. Nxd5 Nbxd5 23. Bxd5 Nxd5 24. Rxd5 Re2 25. Rc1 Qb6 26. Qxb6 axb6 27. Rd2 Rxd2 28. Bxd2 Ra8 29. Rc2 Ra3 30. Rb2 f6 31. Be3 Kf7 32. Kf1 Ke6 33. Ke2 Kd5 34. Kf3 g5 35. Rc2 g6 36. h3 f5 37. Ke2 Bxe3 38. fxe3 b5 39. Kf3 b4 40. Kf2 Rc3 41. Rb2 Kc4 42. Kf3 Rc1 43. Kf2 Rc3 44. Kf3 Ra3 45. Ke2 Kc3 46. Rd2 Ra8 47. h4 gxh4 48. gxh4 Ra6 49. Ke1 Re6 50. Ke2 Re4 51. Rd6 Rg4 52. Kf3 Kb2 53. Rd2+ Ka3 54. Rh2 Rc4 55. h5 gxh5 56. Rxh5 Kxa2 57. Rxf5 b3 58. Ra5+ Kb2 59. e4 Kc3 60. Rd5 b2 61. Rd1 Kc2 62. Rh1 b1Q 63. Rxb1 Kxb1 64. Kf4 Kc2 65. Kf5 Kd3 66. e5 Re4 67. e6 Kd4 68. Kf6 Kd5 69. e7 Kd6 0-1

[Event "North American op 34th"]
[Site "Las Vegas"]
[Date "2024.12.27"]
[Round "4"]
[White "Roselli Mailhe, Bernardo"]
[Black "Vijayakumar, Advaith"]
[Result "1/2-1/2"]
[WhiteElo "2342"]
[BlackElo "2149"]
[PlyCount "85"]
[EventDate "2024.12.26"]
[EventType "swiss"]
[EventRounds "9"]
[EventCountry "USA"]
[SourceTitle "CB02_2025"]
[SourceDate "2025.01.08"]
[SourceVersion "1"]
[SourceVersionDate "2025.01.08"]
[SourceQuality "1"]

1. d4 d5 2. c4 dxc4 3. Nf3 Nf6 4. e3 e6 5. Bxc4 c5 6. 0-0 a6 7. Qe2 b5 8. Bd3 Nc6 9. dxc5 Bxc5 10. Rd1 Qe7 11. Nbd2 Bb7 12. a3 0-0 13. b4 Bd6 14. Bb2 Rfd8 15. Rac1 Rac8 16. Bb1 h6 17. Nb3 Nb8 18. Rxc8 Bxc8 19. e4 Bc7 20. Be5 Bxe5 21. Nxe5 Rxd1+ 22. Qxd1 Qc7 23. f4 Nbd7 24. Nxd7 Nxd7 25. Qc2 Qxc2 26. Bxc2 e5 27. f5 Bb7 28. Kf2 Kf8 29. Ke3 Ke7 30. Na5 Ba8 31. h3 Nf6 32. Nb3 Kd6 33. g4 Nd7 34. Bd3 Bb7 35. Bc2 g5 36. fxg6 fxg6 37. Nd2 Nb6 38. Bb3 Bc8 39. Bf7 g5 40. Kd3 Be6 41. Bxe6 Kxe6 42. Kc3 Nd7 43. Nb3 1/2-1/2

[Event "Seattle PNWCC Thanksgiving"]
[Site "Seattle"]
[Date "2024.12.01"]
[Round "8"]
[White "Lu, Yiding"]
[Black "Vijayakumar, Advaith"]
[Result "0-1"]
[WhiteElo "2152"]
[BlackElo "2149"]
[PlyCount "60"]
[EventDate "2024.11.27"]
[EventType "swiss"]
[EventRounds "9"]
[EventCountry "USA"]
[EventCategory "2"]
[SourceTitle "CB50_2024"]
[SourceDate "2024.11.01"]
[SourceVersion "1"]
[SourceVersionDate "2024.11.01"]
[SourceQuality "2"]

1. e4 e6 2. d4 d5 3. Nc3 dxe4 4. Nxe4 Nd7 5. Nf3 Ngf6 6. Nxf6+ Nxf6 7. Bd3 c5 8. Be3 Qc7 9. Qe2 a6 10. 0-0-0 b5 11. dxc5 Bxc5 12. Bxc5 Qxc5 13. Ne5 Bb7 14. Rhe1 0-0 15. g4 Rad8 16. g5 Nd5 17. Qh5 g6 18. Qh4 Nb4 19. Rd2 Rd4 20. Qh3 Nxa2+ 21. Kd1 b4 22. Qe3 Nc3+ 23. bxc3 bxc3 24. Nd7 Qd6 25. Nf6+ Kg7 26. Rde2 Ra4 27. Qc1 Bf3 28. h4 Rb8 29. h5 Qf4 30. h6+ Kh8 0-1

[Event "Seattle PNWCC Thanksgiving"]
[Site "Seattle"]
[Date "2024.12.01"]
[Round "9"]
[White "Vijayakumar, Advaith"]
[Black "Martin Del Campo C, Roberto Abel"]
[Result "1/2-1/2"]
[WhiteElo "2149"]
[BlackElo "2203"]
[PlyCount "89"]
[EventDate "2024.11.27"]
[EventType "swiss"]
[EventRounds "9"]
[EventCountry "USA"]
[EventCategory "2"]
[SourceTitle "CB50_2024"]
[SourceDate "2024.11.01"]
[SourceVersion "1"]
[SourceVersionDate "2024.11.01"]
[SourceQuality "2"]

1. d4 Nf6 2. c4 d6 3. Nf3 g6 4. g3 Bg7 5. Bg2 0-0 6. 0-0 Nc6 7. Nc3 Bg4 8. d5 Na5 9. b3 c5 10. Bg5 a6 11. h3 Bd7 12. e4 h6 13. Be3 b5 14. Nd2 Rb8 15. Qc2 e5 16. dxe6 Bxe6 17. cxb5 axb5 18. Rad1 Nc6 19. Nf3 Qc7 20. Qd2 Qa5 21. Qxd6 Qxc3 22. Qxc6 Rfc8 23. Qa6 Nxe4 24. Bf4 Ra8 25. Qxb5 Rxa2 26. Rd3 Ra5 27. Rxc3 Rxb5 28. Re3 f5 29. Be5 Rxb3 30. Rxb3 Bxb3 31. Rc1 Rd8 32. Bf1 Rd1 33. Rxd1 Bxd1 34. Bc4+ Kf8 35. Nh4 Bh5 36. g4 Bxe5 37. gxh5 Bd4 38. Nxg6+ Kg7 39. Kg2 Bxf2 40. Bd3 Bd4 41. Ne7 Kf6 42. Nxf5 Nd2 43. Nxh6 Kg5 44. Nf7+ Kxh5 45. Nd6 1/2-1/2

[Event "Seattle PNWCC Thanksgiving"]
[Site "Seattle"]
[Date "2024.11.30"]
[Round "6"]
[White "Willy, Stephen"]
[Black "Vijayakumar, Advaith"]
[Result "1/2-1/2"]
[WhiteElo "2321"]
[BlackElo "2149"]
[PlyCount "41"]
[EventDate "2024.11.27"]
[EventType "swiss"]
[EventRounds "9"]
[EventCountry "USA"]
[EventCategory "2"]
[SourceTitle "CB50_2024"]
[SourceDate "2024.11.01"]
[SourceVersion "1"]
[SourceVersionDate "2024.11.01"]
[SourceQuality "2"]

1. e4 e5 2. Nf3 Nc6 3. Bb5 a6 4. Ba4 Nge7 5. c3 Ng6 6. d4 exd4 7. cxd4 Bb4+ 8. Nc3 d5 9. exd5 Bxc3+ 10. bxc3 Qxd5 11. 0-0 0-0 12. Bb3 Qh5 13. h3 Na5 14. Ng5 Qxd1 15. Bxd1 Re8 16. Bf3 h6 17. Ne4 Nh4 18. Kh2 Bf5 19. Ng3 Bd3 20. Rg1 Nxf3+ 21. gxf3 1/2-1/2

[Event "Titled Tuesday intern op 24th Sep Late"]
[Site "Chess.com INT"]
[Date "2024.09.24"]
[Round "4"]
[White "Vijayakumar, Advaith"]
[Black "Caruana, Fabiano"]
[Result "0-1"]
[WhiteElo "2077"]
[BlackElo "2798"]
[PlyCount "78"]
[EventDate "2024.09.24"]
[EventType "swiss (blitz)"]
[EventRounds "11"]
[EventCountry "USA"]
[SourceTitle "EXT 2025"]
[Source "ChessBase"]
[SourceDate "2024.10.14"]
[SourceVersion "1"]
[SourceVersionDate "2024.10.14"]
[SourceQuality "1"]

1. Nf3 b6 2. g3 Bb7 3. Bg2 g6 4. 0-0 Bg7 5. c4 e5 6. Nc3 Ne7 7. d3 0-0 8. e4 d6 9. Be3 Nd7 10. d4 a5 11. a3 a4 12. Nxa4 Bxe4 13. Nc3 Bb7 14. d5 h6 15. b4 Nf5 16. Bd2 Ba6 17. Qb3 Nd4 18. Nxd4 exd4 19. Nb5 Ne5 20. Rac1 Bxb5 21. cxb5 h5 22. a4 h4 23. Rfe1 Qd7 24. f4 Ng4 25. h3 Ne3 26. Bxe3 dxe3 27. Qxe3 Rxa4 28. gxh4 Rxb4 29. Qg3 Qf5 30. Rxc7 Rxf4 31. Rc6 Bd4+ 32. Kh1 Bf2 33. Qc3 Bxe1 34. Qxe1 Ra8 35. Rxd6 Ra2 36. Rxb6 Rff2 37. Rb8+ Kg7 38. Qe8 Rf1+ 39. Bxf1 Qxf1# 0-1

[Event "Titled Tuesday intern op 03rd Sep Late"]
[Site "Chess.com INT"]
[Date "2024.09.03"]
[Round "3"]
[White "Vijayakumar, Advaith"]
[Black "Jing, Andrew"]
[Result "1-0"]
[WhiteElo "2077"]
[BlackElo "2057"]
[PlyCount "145"]
[EventDate "2024.09.03"]
[EventType "swiss (blitz)"]
[EventRounds "11"]
[EventCountry "USA"]
[SourceTitle "EXT 2025"]
[Source "ChessBase"]
[SourceDate "2024.10.14"]
[SourceVersion "1"]
[SourceVersionDate "2024.10.14"]
[SourceQuality "1"]

1. a3 d5 2. Nf3 c5 3. e3 Nc6 4. Bb5 Qb6 5. Nc3 Nf6 6. d4 cxd4 7. Nxd4 e5 8. Nxc6 bxc6 9. Bd3 Bd6 10. e4 0-0 11. 0-0 d4 12. Na4 Qc7 13. Bg5 Nd7 14. b3 f6 15. Bh4 Nb6 16. Nb2 Be6 17. Qe2 c5 18. Nc4 Nxc4 19. Bxc4 Qf7 20. Bxe6 Qxe6 21. Bg3 Rfc8 22. f4 c4 23. fxe5 fxe5 24. Qf3 cxb3 25. cxb3 Rc3 26. Qf2 Rxb3 27. a4 Rf8 28. Qc2 Rc3 29. Qb2 Rxf1+ 30. Rxf1 h6 31. Qb7 Rc7 32. Qa8+ Kh7 33. h3 Rc3 34. Kh2 Qg6 35. Bh4 Rc2 36. Bf2 d3 37. Qxa7 d2 38. Qe3 Bc5 39. Qd3 Rb2 40. Bg3 Bd4 41. Rd1 Qg5 42. a5 h5 43. h4 Qh6 44. a6 Ra2 45. Kh3 Qe6+ 46. Kh2 Qh6 47. Kh3 Qxa6 48. Qxa6 Rxa6 49. Rxd2 Ra3 50. Re2 Kg6 51. Kh2 Rc3 52. Be1 Re3 53. Rxe3 Bxe3 54. Kg3 Kf6 55. Kf3 Bd4 56. g4 hxg4+ 57. Kxg4 Kg6 58. h5+ Kf6 59. Bh4+ Kf7 60. Bg5 Ke6 61. Bh4 Kf7 62. Kf5 Bc3 63. Bg3 Bd2 64. Bxe5 Bh6 65. Bf4 Bxf4 66. Kxf4 Kf6 67. e5+ Ke6 68. Kg5 Kxe5 69. Kg6 Kf4 70. Kxg7 Kg5 71. h6 Kf5 72. h7 Kg4 73. h8Q 1-0

[Event "Bellevue PNWCC Artist Point"]
[Site "Bellevue"]
[Date "2024.09.02"]
[Round "8"]
[White "Vijayakumar, Advaith"]
[Black "Pham, Bich Ngoc"]
[Result "1/2-1/2"]
[WhiteElo "2065"]
[BlackElo "2199"]
[PlyCount "165"]
[EventDate "2024.08.29"]
[EventType "tourn"]
[EventRounds "9"]
[EventCountry "USA"]
[EventCategory "1"]
[SourceTitle "EXT 2025"]
[Source "ChessBase"]
[SourceDate "2024.10.14"]
[SourceVersion "1"]
[SourceVersionDate "2024.10.14"]
[SourceQuality "1"]

1. d4 Nf6 2. c4 e6 3. Nc3 Bb4 4. e3 b6 5. Bd2 Bb7 6. Nf3 0-0 7. Bd3 d6 8. 0-0 Nbd7 9. a3 Bxc3 10. Bxc3 Ne4 11. Be1 f5 12. Qe2 c5 13. Nd2 Qf6 14. Nb3 Qg6 15. f3 Nef6 16. Bc3 e5 17. d5 Rae8 18. Bc2 Qh5 19. Qf2 b5 20. Na5 Ba6 21. cxb5 Bxb5 22. Rfd1 Nb6 23. Nb7 Nc8 24. Na5 Kh8 25. b4 cxb4 26. Bxb4 e4 27. f4 Ng4 28. Qg3 Rf6 29. h3 Rg6 30. Kh1 Be2 31. Rd2 Bf3 32. Bd1 Nb6 33. Bxf3 exf3 34. Qxf3 Rxe3 35. Re2 Nf2+ 36. Rxf2 Rxf3 37. Rxf3 Nxd5 38. Rd1 Nxb4 39. axb4 h6 40. Nc4 Rg3 41. Rdd3 Rxf3 42. Rxf3 d5 43. Ne5 Qe8 44. Rd3 Qb5 45. Rd4 Kh7 46. Nd3 Kg6 47. Kh2 Kf6 48. Kg3 Ke6 49. Ne5 Qe2 50. Nf3 Kd6 51. h4 g6 52. Rd2 Qe3 53. Rd4 a6 54. Rd2 Qb3 55. Rd4 Qc3 56. Kf2 Qa1 57. Rd2 Qc3 58. Rd4 Qb2+ 59. Kg3 Ke6 60. Kh2 Qc3 61. Kg3 a5 62. bxa5 Qxa5 63. Kf2 Kd6 64. Rd2 Qc3 65. Rd4 Kc5 66. Rd2 Qb4 67. Rc2+ Kb5 68. Kg3 Qe4 69. Rb2+ Kc5 70. Rd2 Kc4 71. Rd1 Kc3 72. Rc1+ Kb2 73. Rd1 Kc2 74. Rd2+ Kc3 75. Rd1 d4 76. Rxd4 Qxd4 77. Nxd4 Kxd4 78. h5 gxh5 79. Kh4 Ke4 80. Kxh5 Kxf4 81. Kxh6 Kg4 82. Kg6 f4 83. Kf6 1/2-1/2

[Event "Titled Tuesday intern op 27th Aug Late"]
[Site "Chess.com INT"]
[Date "2024.08.27"]
[Round "5"]
[White "Hambleton, Aman"]
[Black "Vijayakumar, Advaith"]
[Result "1-0"]
[WhiteElo "2420"]
[BlackElo "2065"]
[PlyCount "107"]
[EventDate "2024.08.27"]
[EventType "swiss (blitz)"]
[EventRounds "11"]
[EventCountry "USA"]
[SourceTitle "EXT 2025"]
[Source "ChessBase"]
[SourceDate "2024.10.14"]
[SourceVersion "1"]
[SourceVersionDate "2024.10.14"]
[SourceQuality "1"]

1. d4 Nf6 2. Bf4 g6 3. e3 Bg7 4. h3 0-0 5. Nf3 d6 6. c3 Nbd7 7. a4 a5 8. Bh2 b6 9. Bb5 Bb7 10. Nbd2 Ne4 11. Nxe4 Bxe4 12. 0-0 c5 13. d5 Nf6 14. Bc6 Rb8 15. Ng5 Bf5 16. Re1 Bd7 17. Bxd7 Qxd7 18. c4 h6 19. Nf3 Ne4 20. Qc2 f5 21. Nd2 Nxd2 22. Qxd2 g5 23. f4 Qe8 24. e4 fxe4 25. Rxe4 Qg6 26. Rae1 gxf4 27. Bxf4 Rbe8 28. Kh1 Rf7 29. Qe2 Kh7 30. b3 Bf6 31. g3 Rg7 32. Re6 Qf5 33. Qe4 Qxe4+ 34. R1xe4 Rf7 35. Bxd6 Kg7 36. Bf4 Rd8 37. Rxb6 Bd4 38. Kg2 Rf6 39. Rxf6 Kxf6 40. Re6+ Kf7 41. Rxh6 Rd7 42. Rb6 Ra7 43. Kf3 Ra8 44. h4 Rg8 45. Rb8 Rg6 46. h5 Rg7 47. g4 Rh7 48. Ke4 Rg7 49. Kf5 Rh7 50. Rb7 Rg7 51. g5 Ke8 52. g6 Kd8 53. Ke6 Kc8 54. Rb8# 1-0

[Event "Titled Tuesday intern op 27th Aug Late"]
[Site "Chess.com INT"]
[Date "2024.08.27"]
[Round "11"]
[White "Micic, Aleksa"]
[Black "Vijayakumar, Advaith"]
[Result "0-1"]
[WhiteElo "2223"]
[BlackElo "2065"]
[PlyCount "142"]
[EventDate "2024.08.27"]
[EventType "swiss (blitz)"]
[EventRounds "11"]
[EventCountry "USA"]
[SourceTitle "EXT 2025"]
[Source "ChessBase"]
[SourceDate "2024.10.14"]
[SourceVersion "1"]
[SourceVersionDate "2024.10.14"]
[SourceQuality "1"]

1. Nf3 Nf6 2. g3 g6 3. Bg2 Bg7 4. 0-0 0-0 5. c4 d6 6. d4 Nbd7 7. Nc3 e5 8. e4 c6 9. Re1 Qe7 10. h3 Re8 11. b3 exd4 12. Nxd4 Nc5 13. Bb2 a5 14. Qd2 Bd7 15. Rad1 Rad8 16. f4 Nh5 17. Kh2 Ne6 18. Nf3 Bc8 19. Na4 Qc7 20. Bxg7 Nhxg7 21. g4 d5 22. e5 dxc4 23. Qe3 cxb3 24. Rxd8 Rxd8 25. axb3 b5 26. Nc3 Qe7 27. Ne4 Qb4 28. Nf6+ Kh8 29. Kg3 Ne8 30. f5 gxf5 31. gxf5 N6g7 32. Nh4 Nxf6 33. exf6 Nxf5+ 34. Nxf5 Bxf5 35. Qe8+ Qf8 36. Bxc6 Rxe8 37. Rxe8 Qxe8 38. Bxe8 Be6 39. Bxb5 Bxb3 40. Kf4 a4 41. Bxa4 Bxa4 42. Kg5 Kg8 43. Kh6 Bc2 44. h4 Kf8 45. h5 Bd1 46. Kg5 Ke8 47. Kh6 Kd7 48. Kg7 Bxh5 49. Kxh7 Bg6+ 50. Kh6 Ke6 51. Kg5 Ke5 52. Kg4 Kxf6 53. Kf4 Ke6 54. Kg4 f6 55. Kf4 Bf7 56. Kf3 Be8 57. Kf4 Bd7 58. Ke4 Bc8 59. Kf4 Bb7 60. Ke3 Ba8 61. Kf4 f5 62. Kg5 Ke5 63. Kh4 f4 64. Kh3 Ke4 65. Kg2 Ke3+ 66. Kf1 f3 67. Ke1 f2+ 68. Kf1 Bg2+ 69. Kxg2 Ke2 70. Kg3 f1Q 71. Kg4 Qf3+ 0-1

[Event "Titled Tuesday intern op 27th Aug Late"]
[Site "Chess.com INT"]
[Date "2024.08.27"]
[Round "3"]
[White "Vijayakumar, Advaith"]
[Black "Fernandez Siles, Luis"]
[Result "1-0"]
[WhiteElo "2065"]
[BlackElo "2191"]
[PlyCount "71"]
[EventDate "2024.08.27"]
[EventType "swiss (blitz)"]
[EventRounds "11"]
[EventCountry "USA"]
[SourceTitle "EXT 2025"]
[Source "ChessBase"]
[SourceDate "2024.10.14"]
[SourceVersion "1"]
[SourceVersionDate "2024.10.14"]
[SourceQuality "1"]

1. Nf3 Nf6 2. b3 g6 3. Bb2 Bg7 4. e3 0-0 5. Be2 c5 6. 0-0 d5 7. c4 d4 8. exd4 Nh5 9. Ne5 cxd4 10. Bxh5 Bxe5 11. Bf3 Bg7 12. d3 Nc6 13. Nd2 Ne5 14. Be2 Bf5 15. Nf3 Nc6 16. a3 a5 17. Qd2 e5 18. b4 axb4 19. axb4 Qf6 20. b5 Ne7 21. Ba3 h6 22. Qb4 Rfe8 23. Qd6 e4 24. dxe4 Bxe4 25. Qxf6 Bxf6 26. Bxe7 Rxa1 27. Bxf6 Rxf1+ 28. Bxf1 Bxf3 29. gxf3 Re1 30. Bxd4 Rd1 31. Be3 f5 32. Kg2 Kf7 33. Bxh6 Kf6 34. h4 Ke5 35. Bg7+ Kf4 36. Bc3 1-0

[Event "Titled Tuesday intern op 27th Aug Late"]
[Site "Chess.com INT"]
[Date "2024.08.27"]
[Round "9"]
[White "Vijayakumar, Advaith"]
[Black "Heydarli, Kanan Beyukkishi Og"]
[Result "1-0"]
[WhiteElo "2065"]
[BlackElo "2224"]
[PlyCount "103"]
[EventDate "2024.08.27"]
[EventType "swiss (blitz)"]
[EventRounds "11"]
[EventCountry "USA"]
[SourceTitle "EXT 2025"]
[Source "ChessBase"]
[SourceDate "2024.10.14"]
[SourceVersion "1"]
[SourceVersionDate "2024.10.14"]
[SourceQuality "1"]

1. Nf3 d5 2. b3 Nf6 3. Bb2 e6 4. e3 Be7 5. c4 0-0 6. Be2 b6 7. 0-0 Bb7 8. Nc3 Nbd7 9. d4 c5 10. cxd5 Nxd5 11. Rc1 Rc8 12. Qd2 Nxc3 13. Bxc3 cxd4 14. Bxd4 Nc5 15. Rfd1 Bf6 16. Bxc5 Qxd2 17. Rxd2 bxc5 18. Rd7 Bxf3 19. Bxf3 a5 20. a4 Rfd8 21. Rcd1 Rxd7 22. Rxd7 Bc3 23. Be2 Bb4 24. Bc4 Kf8 25. Kf1 Ke8 26. Bb5 Kf8 27. Ke2 f6 28. f4 Re8 29. Kf3 Re7 30. Rd8+ Kf7 31. Bc4 f5 32. g4 fxg4+ 33. Kxg4 Kf6 34. e4 g6 35. e5+ Kg7 36. h4 h6 37. Rd6 Kf7 38. Bd3 Kg7 39. Bc4 Kf7 40. h5 gxh5+ 41. Kxh5 Kg7 42. Bxe6 c4 43. Rc6 Rxe6 44. Rxe6 cxb3 45. Rg6+ Kf7 46. Rg1 Bd2 47. Rb1 Bxf4 48. Rf1 b2 49. Rxf4+ Ke6 50. Rf1 Kxe5 51. Rb1 Kd5 52. Rxb2 1-0

[Event "Titled Tuesday intern op 27th Aug Late"]
[Site "Chess.com INT"]
[Date "2024.08.27"]
[Round "8"]
[White "Vijayakumar, Advaith"]
[Black "Playa, Marcelo"]
[Result "1-0"]
[WhiteElo "2065"]
[BlackElo "2376"]
[PlyCount "37"]
[EventDate "2024.08.27"]
[EventType "swiss (blitz)"]
[EventRounds "11"]
[EventCountry "USA"]
[SourceTitle "EXT 2025"]
[Source "ChessBase"]
[SourceDate "2024.10.14"]
[SourceVersion "1"]
[SourceVersionDate "2024.10.14"]
[SourceQuality "1"]

1. Nf3 e6 2. b3 d5 3. Bb2 Nf6 4. e3 Be7 5. Be2 0-0 6. 0-0 c5 7. c4 Nc6 8. cxd5 exd5 9. d4 Bg4 10. dxc5 Bxc5 11. Nc3 Be7 12. Nd4 Bxe2 13. Ncxe2 Rc8 14. Rc1 Ne4 15. Nf5 Bf6 16. Bxf6 Nxf6 17. Ned4 Qd7 18. Qf3 Ne4 19. Qg4 1-0

[Event "North American-ch U20"]
[Site "Calgary"]
[Date "2024.08.14"]
[Round "2"]
[White "Han, Johnathan"]
[Black "Vijayakumar, Advaith"]
[Result "1/2-1/2"]
[WhiteElo "2340"]
[BlackElo "2065"]
[PlyCount "107"]
[EventDate "2024.08.14"]
[EventType "swiss"]
[EventRounds "9"]
[EventCountry "CAN"]
[SourceTitle "CBM 221 Extra"]
[Source "ChessBase"]
[SourceDate "2024.09.30"]
[SourceVersion "1"]
[SourceVersionDate "2024.09.30"]
[SourceQuality "1"]

1. Nf3 Nf6 2. c4 e6 3. Nc3 d5 4. e3 c5 5. d4 Nc6 6. cxd5 Nxd5 7. Bd3 Be7 8. 0-0 0-0 9. Qe2 b6 10. Rd1 cxd4 11. exd4 Bb7 12. Nxd5 exd5 13. Bf4 Qd7 14. Rac1 Rac8 15. a3 Rfe8 16. Qd2 Bd6 17. h3 Na5 18. Rxc8 Rxc8 19. Ne5 Bxe5 20. Bxe5 Nc4 21. Qg5 Nxe5 22. Qxe5 Re8 23. Qf4 g6 24. h4 h5 25. Kh2 Kg7 26. Rc1 Re7 27. Rc3 Qe6 28. Rc7 Qf6 29. Qxf6+ Kxf6 30. Rxe7 Kxe7 31. Kg3 f5 32. Kf4 Kf6 33. Bb5 a6 34. Be8 Bc8 35. g3 Be6 36. Bc6 Bf7 37. Bd7 Bg8 38. b4 Bf7 39. Bc8 a5 40. bxa5 bxa5 41. Bd7 Bg8 42. Be8 Be6 43. Ke3 Bc8 44. Bc6 Be6 45. f4 Ke7 46. Kd2 Bf7 47. Kc3 Kd6 48. Bb5 Kc7 49. Kb3 Kb7 50. Ka4 Kb6 51. Bd7 Kc7 52. Bb5 Kb6 53. Bd7 Kc7 54. Bb5 1/2-1/2

[Event "New Westminster BC Day"]
[Site "New Westminster"]
[Date "2024.08.05"]
[Round "9"]
[White "Vijayakumar, Advaith"]
[Black "Jiang, Kate Yuhua"]
[Result "1-0"]
[WhiteElo "2065"]
[BlackElo "1968"]
[PlyCount "53"]
[EventDate "2024.08.01"]
[EventType "swiss"]
[EventRounds "9"]
[EventCountry "CAN"]
[SourceTitle "CBM 221 Extra"]
[Source "ChessBase"]
[SourceDate "2024.09.30"]
[SourceVersion "1"]
[SourceVersionDate "2024.09.30"]
[SourceQuality "1"]

1. d4 d5 2. c4 e6 3. Nc3 c6 4. Nf3 Nf6 5. g3 Nbd7 6. Bg2 Be7 7. 0-0 dxc4 8. a4 a5 9. e4 0-0 10. Qe2 Nb6 11. Rd1 Ne8 12. Be3 Bb4 13. Ne5 Nd6 14. Na2 Nxa4 15. Qc2 Nb6 16. Nxb4 axb4 17. Rxa8 Nxa8 18. Nxc4 Nc7 19. Nxd6 Qxd6 20. d5 cxd5 21. Rc1 d4 22. Bd2 Nb5 23. Qxc8 Nc3 24. Qc4 b5 25. Qd3 e5 26. bxc3 bxc3 27. Rxc3 1-0

[Event "New Westminster BC Day"]
[Site "New Westminster"]
[Date "2024.08.04"]
[Round "7"]
[White "Chan, Skylor"]
[Black "Vijayakumar, Advaith"]
[Result "0-1"]
[WhiteElo "1794"]
[BlackElo "2065"]
[PlyCount "48"]
[EventDate "2024.08.01"]
[EventType "swiss"]
[EventRounds "9"]
[EventCountry "CAN"]
[SourceTitle "CBM 221 Extra"]
[Source "ChessBase"]
[SourceDate "2024.09.30"]
[SourceVersion "1"]
[SourceVersionDate "2024.09.30"]
[SourceQuality "1"]

1. e4 c5 2. Nf3 e6 3. g3 Nc6 4. Bg2 Nf6 5. Qe2 d6 6. 0-0 Be7 7. e5 dxe5 8. Nxe5 Nxe5 9. Qxe5 0-0 10. Nc3 Bd6 11. Qe2 e5 12. d3 h6 13. h3 Qe7 14. Be3 Be6 15. Rae1 Rfd8 16. f4 exf4 17. Bxf4 Rac8 18. b3 a6 19. Be5 Bxe5 20. Qxe5 b5 21. Nd5 Nxd5 22. Bxd5 Rd6 23. Rxf7 Kxf7 24. Qf5+ Qf6 0-1

[Event "New Westminster BC Day"]
[Site "New Westminster"]
[Date "2024.08.04"]
[Round "8"]
[White "Vijayakumar, Advaith"]
[Black "Harms, Reece"]
[Result "1-0"]
[WhiteElo "2065"]
[BlackElo "1838"]
[PlyCount "121"]
[EventDate "2024.08.01"]
[EventType "swiss"]
[EventRounds "9"]
[EventCountry "CAN"]
[SourceTitle "CBM 221 Extra"]
[Source "ChessBase"]
[SourceDate "2024.09.30"]
[SourceVersion "1"]
[SourceVersionDate "2024.09.30"]
[SourceQuality "1"]

1. d4 Nf6 2. c4 e6 3. Nc3 Bb4 4. e3 0-0 5. Bd2 b6 6. Nf3 Bb7 7. Bd3 Bxc3 8. Bxc3 Ne4 9. Bxe4 Bxe4 10. d5 f6 11. Nd2 Bg6 12. h4 Bf7 13. h5 h6 14. Qf3 e5 15. Ne4 d6 16. Ng3 Be8 17. e4 Bd7 18. Nf5 Bxf5 19. Qxf5 Qd7 20. g4 Qxf5 21. gxf5 a5 22. Ke2 Nd7 23. b3 Nc5 24. f3 Rfb8 25. Rhc1 Kf7 26. Bd2 Nd7 27. a3 Nc5 28. Rab1 Rb7 29. Be3 Nd7 30. Rc2 Nc5 31. Kd2 Nd7 32. Kc3 Rbb8 33. Kb2 Rb7 34. Rg1 Rbb8 35. Rcg2 Rg8 36. b4 axb4 37. axb4 Rac8 38. Kc3 Ra8 39. Kb3 Rab8 40. Ra1 Ra8 41. Rga2 Rxa2 42. Rxa2 Ke7 43. Ra7 Rc8 44. Ka4 Kd8 45. Kb5 Nb8 46. Bxb6 cxb6 47. Rxg7 Nd7 48. Rg8+ Kc7 49. Rxc8+ Kxc8 50. Kc6 Nb8+ 51. Kxb6 Kd8 52. Kb7 Nd7 53. Kc6 Nf8 54. b5 Nh7 55. b6 Kc8 56. Kxd6 Ng5 57. Ke7 Nh7 58. d6 Nf8 59. Kxf8 Kd7 60. b7 Kc6 61. b8Q 1-0